000 00507nam a2200193Ia 4500
999 _c14843
_d14843
003 OSt
005 20201023104932.0
008 190216s9999||||xx |||||||||||||| ||und||
020 _a9789381626344
040 _coclc
082 _a823.92
_bAMI/S
100 0 _aAmish
_934
245 4 _aThe Secret Of The Nagas /
_cAmish
250 _a1ST
260 _bW Westland Ltd ,
_c2012.
_aNew Delhi:
300 _a395p
650 _aEnglish
942 _cBK
_2ddc
_h823.92
_iAMI/S
_k823.92
_mAMI/S